000 00370nam a2200145Ia 4500
008 230917s9999||||xx |||||||||||||| ||und||
040 _e180871
_aMAIN
041 _aEnglish
082 _a780.954 S23B
100 _aSharma, Swatantra
245 0 _aBharatiya sangeet: Ek vaigyanik vishleshan
260 _aAllahabad
_bT N Bhargav
_c1981
300 _a285 p.
942 _cBK
999 _c62699
_d62699